О классификациях и критериях оценки форм отношений между культурами; Коммуникативные аспекты языка и культуры

Bibliografiske detaljer
Parent link:Коммуникативные аспекты языка и культуры.— 2003.— С. 20-23.
Hovedforfatter: Лиленко И. Ю.
Andre forfattere: Рудченко Ю. В. (научный руководитель), Песоцкая С. А.
Sprog:russisk
Udgivet: 2003
Fag:
Format: MixedMaterials Book Chapter
KOHA link:https://koha.lib.tpu.ru/cgi-bin/koha/opac-detail.pl?biblionumber=101654

MARC

LEADER 00000naa2a2200000 4500
001 101654
005 20231031112717.0
035 |a (RuTPU)RU\TPU\book\109610 
090 |a 101654 
100 |a 20060914d2003 k y0rusy50 ca 
101 0 |a rus 
102 |a RU 
200 1 |a О классификациях и критериях оценки форм отношений между культурами   |f И. Ю. Лиленко, Ю. В. Рудченко  |g науч. рук. С. А. Песоцкая 
320 |a Библиогр.: 2 назв. 
463 0 |0 (RuTPU)RU\TPU\book\64057  |y 5-98298-046-3  |t Коммуникативные аспекты языка и культуры  |o III Всероссийская научно-практическая конференция студентов, аспирантов и молодых ученых, Томск, 15-16 мая 2003 г.  |o Сборник научных трудов  |f Томский политехнический университет; Институт языковой коммуникаций  |v С. 20-23.  |d 2003  |p 249 с. 
610 1 |a культура 
610 1 |a отношения 
610 1 |a национальные культуры 
610 1 |a межкультурные отношения 
610 1 |a диалог культур 
610 1 |a труды учёных ТПУ 
700 1 |a Лиленко  |b И. Ю. 
701 1 |a Рудченко  |b Ю. В. 
702 1 |a Песоцкая  |b С. А.  |4 727 
801 1 |a RU  |b 63413507  |c 20060914  |g PSBO 
801 2 |a RU  |b 63413507  |c 20080408  |g PSBO 
942 |c BK